[Event "71st ch-ITA 2011"]
[Site "Perugia ITA"]
[Date "2011.12.10"]
[Round "10"]
[White "Ortega,Le"]
[Black "Bruno,Fabi"]
[Result "1/2-1/2"]
[WhiteElo "2478"]
[BlackElo "2437"]

1.Nf3 d5 2.g3 c6 3.Bg2 Bg4 4.O-O Nf6 5.c4 e6 6.b3 Nbd7 7.Bb2 Bd6 8.d3 O-O
9.Nbd2 Qe7 10.a3 h6 11.h3 Bxf3 12.Bxf3 b5 13.e4 bxc4 14.dxc4 Be5 15.Qc2 Rab8
16.Bg2 Bxb2 17.Qxb2 dxc4 18.Nxc4 Nc5 19.b4 Qc7 20.Qe5 Qxe5 21.Nxe5 Ncxe4
22.Bxe4 Rb5 23.Nd7 Nxe4 24.Nxf8 Kxf8 25.Rfc1 Rb6 26.Rc4 Nd2 27.Rc3 Ne4 28.Rd3 Ke7
29.Rad1 Nf6 30.Rd8 h5 31.Ra8 Ra6 32.Rc1 Nd5 33.Rc5 Rxa3 34.Ra5 Rf3 35.Kg2 Rf5
36.R5xa7+ Kf6 37.Rb7 h4 38.Ra3 hxg3 39.fxg3 Kg6 40.h4 Re5 41.Raa7 Rf5 42.Kh3 Ne3
43.Ra3 Nd5 44.Kg2 Re5 45.Kf3 Re1 46.Raa7 Rb1 47.h5+ Kxh5 48.Rxf7 Rb3+ 49.Kg2 g6
50.Kh3 Kg5 51.Ra5 Rxb4 52.Rc5 Rb6 53.Rc7 Kf5 54.R5xc6 Rxc6 55.Rxc6 g5 56.Rc8 Nf6
57.Rc1 Nd5 58.Rf1+ Kg6 59.Re1 Kf5 60.g4+ Kf6 61.Kg3 Nf4 62.Kf3 Ng6 63.Ke4 Nh8
64.Kd4 Nf7 65.Kc5 Ke7 66.Re4 Nd6 67.Ra4 Nf7 68.Re4 Nd6 69.Re2 Nf7 70.Kc6 Nd8+
71.Kc7 Nf7 72.Re4 Nd6 73.Re1 Nf7 74.Re2 Nh6 75.Re4 Nf7 76.Kc6 Nd6 77.Ra4 Nf7
78.Re4 Nd6 79.Re1 Nf7 80.Kc5 Nh6 81.Re4 Nf7 82.Rb4 Ne5 83.Ra4 Nf7 84.Kd4 Kf6
85.Ke4 Ne5 86.Ke3 Nf7 87.Ke4 Ne5 88.Ke3 Nf7 89.Ra1 Ne5 90.Rf1+ Kg6 91.Rg1 Kf6
92.Ke4 Nf7 93.Rf1+ Ke7 94.Rh1 Kf6 95.Kd4 Ke7  1/2-1/2

[Event "Sportaccord WMG Rapid w"]
[Site "Beijing CHN"]
[Date "2011.12.11"]
[Round "5"]
[White "Harika,D"]
[Black "Danielian,E"]
[Result "1-0"]
[WhiteElo "2512"]
[BlackElo "2497"]

1.Nf3 d5 2.g3 Nf6 3.Bg2 c6 4.c4 dxc4 5.O-O b5 6.a4 Bb7 7.b3 cxb3 8.Qxb3 a6
9.Ba3 Nbd7 10.Rc1 e6 11.Bxf8 Kxf8 12.Nd4 Qb6 13.Nxc6 g6 14.a5 Qc7 15.Qb2 Kg7
16.d3 Rac8 17.Nd2 Bxc6 18.Rxc6 Qa7 19.Rac1 Rxc6 20.Rxc6 e5 21.Qc3 Re8 22.h3 h5
23.Nb3 Nf8 24.Nc5 Qe7 25.Nxa6 h4 26.g4 Ne6 27.Qxe5 g5 28.Nc5 Nxc5 29.Qxg5+ Kf8
30.Rxc5 b4 31.Qh6+  1-0

[Event "Sportaccord WMG Rapid w"]
[Site "Beijing CHN"]
[Date "2011.12.11"]
[Round "7"]
[White "Harika,D"]
[Black "Skripchenko,A"]
[Result "1-0"]
[WhiteElo "2512"]
[BlackElo "2468"]

1.Nf3 d5 2.g3 c6 3.c4 Nf6 4.Bg2 Bg4 5.Ne5 Bh5 6.cxd5 cxd5 7.Nc3 e6 8.Qa4+ Nfd7
9.g4 Bg6 10.h4 Na6 11.Nxd7 Qxd7 12.Qxd7+ Kxd7 13.h5 Bc2 14.d3 Bb4 15.Bd2 Rac8
16.Rc1 Ba4 17.O-O Bc6 18.a3 Bd6 19.b4 Nc7 20.e4 d4 21.Ne2 e5 22.f4 Ke7 23.a4 Bxa4
24.Nxd4 exd4 25.e5 Nb5 26.exd6+ Nxd6 27.Rc5 Bc6 28.Bh3 Rce8 29.f5 f6 30.g5 Kf7
31.Bf4 Nb5 32.g6+ Ke7 33.Rfc1 a6 34.Bg2 Bxg2 35.Kxg2 hxg6 36.fxg6 Rd8 37.Re1+ Kf8
38.Kf3 b6 39.Rf5 Nc3 40.Bc7 Rd7 41.Bxb6 Na4 42.Ba5 Nc3 43.b5 Nxb5 44.Bb4+ Nd6
45.Re6  1-0

[Event "FSGM December 2011"]
[Site "Budapest HUN"]
[Date "2011.12.11"]
[Round "9"]
[White "Akesson,R"]
[Black "Mihok,O"]
[Result "0-1"]
[WhiteElo "2421"]
[BlackElo "2472"]

1.Nf3 d5 2.g3 Nf6 3.Bg2 c6 4.O-O Bg4 5.d3 Nbd7 6.c4 e6 7.Nc3 Be7 8.Qb3 Nc5
9.Qc2 d4 10.Nb1 a5 11.b3 Na6 12.a3 O-O 13.h3 Bh5 14.g4 Bg6 15.Ne5 Nd7 16.Nxg6 hxg6
17.Bb2 e5 18.Nd2 Nc7 19.e3 Ne6 20.exd4 exd4 21.Rae1 Re8 22.Nf3 Ndf8 23.Re4 f5
24.gxf5 gxf5 25.Re2 Nf4 26.Ree1 Bf6 27.Bc1 N8g6 28.Rxe8+ Qxe8 29.Re1 Qd7
30.Bxf4 Nxf4 31.Qd2 g5 32.Nh2 Qh7 33.Nf1 Nxh3+ 34.Bxh3 Qxh3 35.Qe2 f4 36.f3 Kg7
37.Qg2 Qf5 38.Re4 b5 39.cxb5 cxb5 40.Nh2 Rc8 41.Qd2 Qh3 42.Re1 Qg3+ 43.Kh1 Rh8
44.Rf1 Qh3 45.Qe2 Kf7 46.Re1 Qg3 47.Rg1 Rxh2+ 48.Qxh2 Qxf3+ 49.Qg2 Qh5+ 50.Qh2 Qf3+
51.Qg2 Qxd3 52.Qd5+ Kf8 53.Re1 Qh3+ 54.Kg1 Qg3+ 55.Kf1 f3  0-1

[Event "TCh-CZE Liga 1 Zapad"]
[Site "Czech Rep CZE"]
[Date "2011.12.11"]
[Round "5.5"]
[White "Vokoun,J"]
[Black "Meduna,E1"]
[Result "0-1"]
[WhiteElo "2161"]
[BlackElo "2420"]

1.Nf3 d5 2.g3 Nf6 3.Bg2 c6 4.O-O Bg4 5.d3 Nbd7 6.c4 dxc4 7.dxc4 e5 8.Nc3 Bc5
9.Na4 Be7 10.Qc2 O-O 11.h3 Bh5 12.Nh4 Re8 13.Be3 Bf8 14.Rfd1 Qc7 15.a3 Nb6
16.Nxb6 axb6 17.Rd2 Rad8 18.Rad1 Bc5 19.Bg5 Be7 20.Nf5 Bg6 21.Nxe7+ Qxe7
22.Qc3 Rxd2 23.Qxd2 Qc7 24.Be3 Bf5 25.g4 Be6 26.b3 Nd7 27.f4 exf4 28.Bxf4 Qc8
29.a4 h6 30.a5 bxa5 31.Qxa5 f6 32.Rc1 Bf7 33.Rc2 Ne5 34.Ra2 h5 35.g5 Qf5
36.Qd2 fxg5 37.Bxg5 Qb1+ 38.Kh2 Qxb3 39.Rb2 Qxc4 40.Rxb7 Bd5 41.Rb4 Qc5 42.e4 Bf7
43.Be3 Qe7 44.Qc3 Qf6 45.Kh1 Bg6 46.Rb2 Kh7 47.Bd4 Qg5 48.Re2 Re6 49.Re1 h4
50.Rc1 Nd3 51.Rg1 Qg3 52.Qd2 Rxe4 53.Bb6 c5 54.Rf1 Rb4 55.Bd8 Rb2  0-1

[Event "Schachbundesliga 2011-12"]
[Site "Essen GER"]
[Date "2011.12.11"]
[Round "7"]
[White "Bischoff,K"]
[Black "Richter,Mic"]
[Result "1-0"]
[WhiteElo "2547"]
[BlackElo "2484"]

1.Nf3 d5 2.g3 Nf6 3.Bg2 c6 4.d3 Bf5 5.Nbd2 h6 6.b3 e6 7.Bb2 Nbd7 8.O-O Bh7
9.a3 Be7 10.c4 O-O 11.b4 Bd6 12.Re1 e5 13.c5 Bc7 14.e4 Re8 15.Qb3 a5 16.Rac1 d4
17.Nh4 g6 18.Nc4 Qe7 19.Rb1 axb4 20.axb4 Qe6 21.Bc1 g5 22.Nf3 b5 23.cxb6 Nxb6
24.Nxb6 Qxb3 25.Rxb3 Bxb6 26.Nd2 Bc7 27.Nc4 Reb8 28.Bd2 Kf8 29.h4 Nd7 30.Rbb1 f6
31.Bh3 Ke7 32.hxg5 hxg5 33.Kg2 Bg8 34.Rh1 Ra2 35.Bf5 Nf8 36.Rbd1 Kf7 37.Ra1 Rba8
38.Rxa2 Rxa2 39.Rc1 Ke7 40.Be1 Be6 41.Na5 Bxf5 42.exf5 Kd7 43.Nxc6 g4 44.b5 Nh7
45.Nb4 Rb2 46.Nd5 Bd8 47.Bb4 Ke8 48.Rc8 Kd7 49.Rc1 Ke8 50.Rh1 Ng5 51.Rh8+ Kd7
52.b6 Nh3 53.Be1 Rb1 54.b7 Rxb7 55.Rh7+ Kc8 56.Rxb7 Kxb7 57.Bd2 Kc6 58.Nb4+ Kb5
59.Nc2 Ng5 60.Bxg5 fxg5 61.Kf1 Be7 62.Ke2 Kc6 63.f3 gxf3+ 64.Kxf3 Kd5 65.g4 Bf8
66.Na1 Be7 67.Nb3 Bb4 68.Nc1 Bd2 69.Ne2 e4+ 70.dxe4+ Ke5 71.Ng1 d3 72.Nh3 Bc1
73.Nf2 Kd4 74.e5 Ba3 75.e6 Be7 76.Ne4 Ke5 77.Ke3 d2 78.Nxd2  1-0

[Event "London Classic Women's Invitational"]
[Site "London ENG"]
[Date "2011.12.11"]
[Round "9"]
[White "Lauterbach,I"]
[Black "Vovk,Ok"]
[Result "1/2-1/2"]
[WhiteElo "2075"]
[BlackElo "2213"]

1.g3 d5 2.Nf3 Bg4 3.Bg2 Nd7 4.c4 dxc4 5.Na3 Ngf6 6.Nxc4 c6 7.O-O g6 8.d3 Bg7
9.h3 Be6 10.Ncd2 Nb6 11.Ng5 Qc8 12.Nxe6 Qxe6 13.Nf3 O-O 14.Qc2 Nfd5 15.a3 Rfd8
16.Ng5 Qe5 17.e4 Nf6 18.Qb3 e6 19.Nf3 Qb5 20.Qxb5 cxb5 21.Ne1 Na4 22.Rb1 Ne8
23.Bg5 Rd7 24.b4 Rc8 25.Be3 b6 26.f4 Nb2 27.e5 Nxd3 28.Rd1 Nxe5 29.Rxd7 Nxd7
30.Nf3 Bb2 31.Nd4 Rc3 32.Bf2 a6 33.Rd1 Nef6 34.Bb7 Rxa3 35.Bc8 Ra1 36.Rxa1 Bxa1
37.Nc6 a5 38.bxa5 bxa5 39.Nxa5 Bc3 40.Nb3 b4 41.g4 Nf8 42.Bc5 Ne4 43.Be3 Nd6
44.Ba6 Nd7 45.Bd3 f6 46.Kg2 e5 47.fxe5 fxe5 48.Bg5 Kf7 49.Bd8 Ke6 50.h4 e4
51.Bb1 Kd5 52.h5 Ne5 53.hxg6 hxg6 54.g5 Nef7 55.Be7 Ke6 56.Bf8 Kf5 57.Be7 Nc4
58.Nc5 Nd2 59.Bc2 Bd4 60.Nxe4 b3 61.Ng3+ Ke6 62.Bxg6 b2 63.Bb4 b1=Q 64.Bxb1 Nxb1
65.g6 Nh8 66.Kf3 Nxg6 67.Ke4 Be5 68.Ne2 Bb2 69.Nd4+ Kd7 70.Ne2 Na3 71.Bc3 Bxc3  1/2-1/2

[Event "13th Metropolitan GM"]
[Site "Los Angeles USA"]
[Date "2011.12.11"]
[Round "8"]
[White "Khachiyan,M"]
[Black "Arnold,Mar"]
[Result "1/2-1/2"]
[WhiteElo "2474"]
[BlackElo "2504"]

1.Nf3 d5 2.g3 c6 3.Bg2 Bf5 4.O-O e6 5.d3 Nd7 6.Nbd2 h6 7.e4 Bh7 8.Qe2 Ngf6
9.b3 dxe4 10.dxe4 Nc5 11.e5 Nd5 12.Nc4 Nc3 13.Qe3 Nd5 14.Qe2 Nc3 15.Qe3 Nd5
16.Qe2 Nc3  1/2-1/2

[Event "Sportaccord WMG Blitz"]
[Site "Beijing CHN"]
[Date "2011.12.13"]
[Round "8"]
[White "Karjakin,Sergey"]
[Black "Ponomariov,R"]
[Result "1/2-1/2"]
[WhiteElo "2763"]
[BlackElo "2723"]

1.Nf3 d5 2.g3 c6 3.Bg2 Bg4 4.d3 Nd7 5.Nbd2 e5 6.h3 Bh5 7.c4 Ngf6 8.g4 Bg6
9.Nh4 Bd6 10.cxd5 cxd5 11.b4 O-O 12.Rb1 Nb6 13.O-O a5 14.bxa5 Rxa5 15.Qb3 Na4
16.Nxg6 hxg6 17.Bb2 Nc5 18.Qd1 Rxa2 19.d4 exd4 20.Bxd4 Qe7 21.Bxf6 gxf6 22.Bxd5 Ra7
23.Bg2 Kg7 24.e3 Rd8 25.Qc2 Nd3 26.Rfd1 Nb4 27.Qb3 Nc6 28.Nc4 Bc7 29.Bf3 Ne5
30.Qb5  1/2-1/2

[Event "Sportaccord WMG Blitz"]
[Site "Beijing CHN"]
[Date "2011.12.13"]
[Round "12"]
[White "Grischuk,A"]
[Black "Wang Hao"]
[Result "1-0"]
[WhiteElo "2752"]
[BlackElo "2736"]

1.g3 d5 2.Nf3 Bg4 3.Bg2 Nd7 4.c4 e6 5.cxd5 exd5 6.Qb3 Nc5 7.Qc2 Nf6 8.O-O Bd6
9.d3 O-O 10.h3 Bxf3 11.Bxf3 Ne6 12.e3 Qd7 13.Bg2 Rac8 14.Nd2 c5 15.b3 Qc7
16.Nf3 b5 17.Bb2 Nd7 18.Nh4 Nb6 19.Nf5 Rfd8 20.Qe2 Bf8 21.a4 g6 22.Nh4 bxa4
23.bxa4 c4 24.Rfc1 cxd3 25.Qxd3 Nc4 26.Bf6 Rd7 27.Bxd5 Qa5 28.e4 Nb6 29.Bxe6  1-0

[Event "Sportaccord WMG Blindfold"]
[Site "Beijing CHN"]
[Date "2011.12.15"]
[Round "4"]
[White "Wang Hao"]
[Black "Le Quang Liem"]
[Result "1-0"]
[WhiteElo "2736"]
[BlackElo "2714"]

1.Nf3 d5 2.g3 Nf6 3.Bg2 g6 4.d4 Bg7 5.c4 c6 6.O-O O-O 7.Qb3 Qb6 8.Nc3 Bf5
9.Bf4 dxc4 10.Qxc4 Qxb2 11.a4 Qb6 12.Ne5 a5 13.e4 Be6 14.d5 cxd5 15.exd5 Bf5
16.Rab1 Bxb1 17.Rxb1 Qa6 18.Qc7 Nbd7 19.Bf1 Rac8 20.Qxc8 Qxf1+ 21.Kxf1 Rxc8
22.Rxb7 Nxe5 23.Bxe5 Nxd5 24.Nxd5 Rc1+ 25.Ke2 Bxe5 26.Rb5 Bd4 27.Nxe7+ Kg7
28.Rxa5 Ra1 29.f3 Ra2+ 30.Kd3 Bg1 31.h3 Rh2 32.g4 Rxh3 33.Ke4 Rh2 34.Nd5 Re2+
35.Kd3 Rf2 36.f4 h5 37.g5 Rf1 38.Ra8 Rd1+ 39.Ke4 Bd4 40.a5 h4 41.Kf3 h3 42.Kg3 Rd3+
43.Kh2 Bb2 44.Nc7 Ra3 45.a6 Bc1 46.Nd5 Ra5 47.a7 Ra3 48.Rc8 Bxf4+ 49.Nxf4 Rxa7
50.Nd5 Ra2+ 51.Kxh3 Ra3+ 52.Kg4 Ra1 53.Rc3 Ra4+ 54.Kf3 Ra5 55.Rd3 Ra1 56.Nf6 Rg1
57.Kf4 Rf1+ 58.Rf3 Rg1 59.Rh3 Rf1+ 60.Ke3 Rf5 61.Rh7+ Kf8 62.Rh8+ Ke7 63.Re8+ Kd6
64.Ra8 Ke7 65.Ne4 Rf1 66.Kd4 Rf5 67.Rc8 Kd7 68.Rc5 Ke6 69.Rc6+ Ke7 70.Rc7+ Ke6
71.Ke3 Kd5 72.Rc5+ Ke6 73.Rxf5 Kxf5 74.Kf3 Ke5 75.Nf6 Kf5 76.Nh7 Ke5 77.Ke3 Kf5
78.Kd4 Ke6 79.Ke4 Kd6 80.Nf8 Ke7 81.Nxg6+ fxg6 82.Ke5 Kf7 83.Kd6 Kf8 84.Ke6 Kg7
85.Ke7 Kg8 86.Kf6 Kh7 87.Kf7 Kh8 88.Kxg6 Kg8 89.Kf6 Kh7 90.Kf7 Kh8 91.Kg6 Kg8
92.Kh6 Kh8 93.g6  1-0

[Event "XXI Elgoibar Magistral"]
[Site "Elgoibar ESP"]
[Date "2011.12.15"]
[Round "2.4"]
[White "Paunovic,D"]
[Black "Gonzalez de la Torre,S"]
[Result "1-0"]
[WhiteElo "2528"]
[BlackElo "2431"]

1.Nf3 d5 2.g3 Nf6 3.Bg2 e6 4.O-O c5 5.c4 Nc6 6.cxd5 exd5 7.d4 Be7 8.dxc5 Bxc5
9.Bg5 O-O 10.Nc3 d4 11.Bxf6 Qxf6 12.Nd5 Qd8 13.Nd2 Re8 14.Rc1 Bb6 15.Nc4 Bg4
16.Re1 Bc5 17.a3 Rc8 18.b4 Bf8 19.Qd2 b5 20.Nb2 a5 21.Nd3 axb4 22.axb4 h5
23.h4 Bd6 24.Nc5 Bb8 25.Ne4 Bf5 26.Nc5 Qd6 27.Nb6 Re3 28.Nxc8 Qg6 29.Nd3 Bxg3
30.Rxc6 Qg4 31.Ne7+  1-0

[Event "European Blitz 2011"]
[Site "Warsaw POL"]
[Date "2011.12.16"]
[Round "12"]
[White "Banusz,T"]
[Black "Dreev,A"]
[Result "0-1"]
[WhiteElo "2563"]
[BlackElo "2710"]

1.Nf3 d5 2.g3 c6 3.Bg2 Bf5 4.O-O e6 5.d3 Nf6 6.c4 Nbd7 7.cxd5 exd5 8.Nc3 Be7
9.Qb3 Nc5 10.Qc2 O-O 11.Nh4 Be6 12.e4 dxe4 13.dxe4 Qd3 14.Qxd3 Nxd3 15.Rd1 Rfd8
16.Bf1 Nxc1 17.Raxc1 Bb4 18.e5 Ng4 19.Nf3 Bxc3 20.bxc3 Bd5 21.Be2 Bxf3 22.Bxf3 Nxe5
23.Be2 Kf8 24.f4 Nd7 25.Rb1 Nc5 26.Rd4 Rab8 27.Bf3 g6 28.Kf1 Ke7 29.Re1+ Ne6
30.Ra4 a6 31.Bg4 Rd6 32.f5 gxf5 33.Bxf5 h6 34.Rh4 Rh8 35.Re2 b5 36.Kf2 Kf6
37.Bc2 Rd5 38.Rhe4 Rhd8 39.Rh4 Kg7 40.Rg4+ Rg5 41.Rge4 Rc5 42.Rg4+ Kf8 43.Bb3 Rd6
44.Re3 Rf5+ 45.Ke2 h5 46.Rge4 Nc5 47.Re8+ Kg7 48.Bc2 Rfd5 49.Kf3 Rd2 50.Re2 Rf6+
51.Kg2 Rxe2+ 52.Rxe2 Nd7 53.Re7 Nb6 54.Bb3 a5 55.Rb7 c5 56.Bxf7 Kh6 57.h4 Na4
58.c4 b4 59.Bd5 Nc3 60.Bf3 a4 61.Ra7 a3 62.Rb7 Rd6 63.Rc7 Nxa2 64.Be4 Rg6
65.Rxc5 Nc3 66.Ra5  0-1

[Event "14th Padova Open"]
[Site "Padova ITA"]
[Date "2011.12.17"]
[Round "8"]
[White "Valsecchi,A"]
[Black "Petkov,V"]
[Result "1-0"]
[WhiteElo "2376"]
[BlackElo "2542"]

1.Nf3 d5 2.g3 Nc6 3.d4 Bf5 4.Bg2 e6 5.O-O Nf6 6.b3 h6 7.Bb2 a5 8.Ne5 Nxe5
9.dxe5 Ne4 10.c4 dxc4 11.Qc1 cxb3 12.Rd1 Qc8 13.Nd2 Nc5 14.Nxb3 Nd7 15.Nd4 Bg6
16.Qc4 Be7 17.Rac1 O-O 18.Qxc7 Bc5 19.Nxe6 fxe6 20.Rxd7 Qxc7 21.Rxc7 Bxf2+
22.Kh1 Be3 23.Rd1 Rad8 24.Rd6 b5 25.h4 Bf5 26.Bf3 Rc8 27.Rb7 Rb8 28.Rxb8 Rxb8
29.g4 Bb1 30.Rxe6 Bxa2 31.Re7 Kf8 32.Rc7 Be6 33.Be4 Rc8 34.Rb7 Rc4 35.Rb8+ Ke7
36.Bf5 Bd5+ 37.Kh2 b4 38.Rb5 Rc5 39.Rb8 Bf4+ 40.Kg1 Be3+ 41.Kh2 Bd2 42.Bd4 Rc4
43.e3 Bc3 44.Rb5 Bc6 45.Rxa5 Bxd4 46.exd4 Rxd4 47.Ra7+ Kf8 48.e6 h5 49.Bg6 Rd2+
50.Kg1 Rg2+ 51.Kf1 Rxg4 52.e7+ Kg8 53.Ra8+  1-0

[Event "European Rapid 2011"]
[Site "Warsaw POL"]
[Date "2011.12.17"]
[Round "2"]
[White "Markowski,T"]
[Black "Mierins,Eriks"]
[Result "1-0"]
[WhiteElo "2606"]
[BlackElo "2109"]

1.g3 d5 2.Nf3 c5 3.Bg2 Nc6 4.d4 e6 5.O-O Nf6 6.c4 cxd4 7.Nxd4 Bc5 8.Nxc6 bxc6
9.Qc2 Bb6 10.Nc3 O-O 11.Na4 Ba5 12.b3 Qe7 13.Bb2 Ba6 14.Rac1 Rab8 15.Bd4 Bb4
16.Rfd1 Rfd8 17.e3 dxc4 18.bxc4 c5 19.Bb2 Rxd1+ 20.Rxd1 Rd8 21.a3 Rxd1+ 22.Qxd1 Ba5
23.Qb3 Nd7 24.Nc3 Nb6 25.Nb5 Qd7 26.a4 Bb7 27.Bxb7 Qxb7 28.Bc3 Bxc3 29.Nxc3 Qa6
30.Qb5 Qxb5 31.cxb5 Kf8 32.a5 Nc4 33.b6 axb6 34.a6 b5 35.Nxb5 Nb6 36.Kf1 Ke7
37.Ke2 Kd7 38.Kd3 Kc6 39.Na3 Nd7 40.Nc4 f6 41.f4 f5 42.Ne5+ Nxe5+ 43.fxe5 g5
44.Kc4 h5 45.a7 Kb7 46.Kxc5 h4 47.Kd6  1-0

[Event "European Rapid 2011"]
[Site "Warsaw POL"]
[Date "2011.12.17"]
[Round "6"]
[White "Ruck,R1"]
[Black "Tarasova,Viktoriy"]
[Result "1-0"]
[WhiteElo "2579"]
[BlackElo "2294"]

1.Nf3 d5 2.g3 c6 3.Bg2 Bg4 4.O-O e6 5.d3 Nf6 6.Nbd2 Nbd7 7.h3 Bh5 8.g4 Bg6
9.Nh4 Be7 10.e3 O-O 11.f4 Ne8 12.Nxg6 hxg6 13.Nf3 c5 14.Qe2 Rc8 15.c4 Nc7
16.e4 Re8 17.Bd2 a6 18.Rad1 Bf8 19.Qf2 b5 20.b3 Rb8 21.Ba5 d4 22.e5 Nb6 23.Ng5 Be7
24.Ne4 Qd7 25.g5 bxc4 26.dxc4 Red8 27.Rd3 Nc8 28.Qf3 Bf8 29.h4 Nb6 30.h5 Qe8
31.Qh3 Be7 32.Kf2 Bf8 33.h6  1-0

[Event "European Rapid 2011"]
[Site "Warsaw POL"]
[Date "2011.12.17"]
[Round "8"]
[White "Movsesian,S"]
[Black "Erdos,V"]
[Result "1/2-1/2"]
[WhiteElo "2710"]
[BlackElo "2623"]

1.g3 d5 2.Nf3 g6 3.d3 Bg7 4.Nbd2 e5 5.e4 Ne7 6.Bg2 O-O 7.O-O h6 8.Re1 dxe4
9.dxe4 Be6 10.Qe2 Nd7 11.Nc4 Nc6 12.c3 Nc5 13.Bf1 b5 14.Na3 a6 15.Qc2 f5
16.exf5 Bxf5 17.Qe2 Nd3 18.Rd1 e4 19.Nh4 Qf6 20.Bg2 Rae8 21.Nxf5 gxf5 22.Nc2 Nce5
23.a4 Nxc1 24.Rdxc1 Nd3 25.Rf1 Kh8 26.axb5 axb5 27.Ne1 Rd8 28.f3 b4 29.fxe4 Qb6+
30.Kh1 fxe4 31.Rxf8+ Rxf8 32.Nxd3 exd3 33.Qxd3 bxc3 34.bxc3 Qb2 35.Rf1 Rxf1+
36.Bxf1 Qf2 37.h4 Bf8 38.Bg2 Qf6 39.c4 Bd6 40.Qe3 Kg7 41.c5 Qe5  1/2-1/2

[Event "Open Mundial de Leon Equipos"]
[Site "Leon ESP"]
[Date "2011.12.18"]
[Round "6"]
[White "Krasenkow,M"]
[Black "Gonzalez Trigal,J1"]
[Result "1-0"]
[WhiteElo "2608"]
[BlackElo "2149"]

1.g3 d5 2.Nf3 Nf6 3.Bg2 g6 4.c4 c6 5.b3 Bg7 6.Bb2 O-O 7.O-O Bf5 8.d3 Qc8
9.Nbd2 Bh3 10.cxd5 Bxg2 11.Kxg2 cxd5 12.Ne5 Nc6 13.Rc1 Qe6 14.Nxc6 bxc6 15.Nf3 Rac8
16.Bd4 Rc7 17.Be5 Rcc8 18.b4 Nd7 19.Bxg7 Kxg7 20.Qb3 c5 21.bxc5 Nxc5 22.Qb4 Nd7
23.Qb7 Nf6 24.Rxc8 Rxc8 25.Qxa7 Qxe2 26.Re1 Qxd3 27.Rxe7 Rf8 28.Ng5 Qf5 29.Ne6+ Kg8
30.Nxf8 Ng4 31.Nd7 h5 32.Qd4  1-0

[Event "48th Groningen Open A"]
[Site "Groningen NED"]
[Date "2011.12.22"]
[Round "2.8"]
[White "Naroditsky,D"]
[Black "Anurag,M"]
[Result "1-0"]
[WhiteElo "2472"]
[BlackElo "2222"]

1.Nf3 d5 2.g3 g6 3.Bg2 Bg7 4.O-O e5 5.c4 dxc4 6.Na3 Nc6 7.Nxc4 e4 8.Ne1 Nf6
9.d3 O-O 10.Bg5 exd3 11.Nxd3 Re8 12.Nc5 Qe7 13.Ne4 Be6 14.Qa4 Nd4 15.Ne3 Rad8
16.Rfe1 c6 17.Qxa7 h6 18.Nxf6+ Bxf6 19.Bxf6 Qxf6 20.Qc5 Ra8 21.Qc3 Rxa2 22.Rxa2 Bxa2
23.Kf1 Qg7 24.Rd1 Ne6 25.Qa3 Bd5 26.Nxd5 cxd5 27.Bxd5 b6 28.Qa4 Nc7 29.Qd7  1-0

[Event "FIDE Women's World Teams"]
[Site "Mardin TUR"]
[Date "2011.12.22"]
[Round "5"]
[White "Harika,D"]
[Black "Hoang Thi Bao Tram"]
[Result "1-0"]
[WhiteElo "2512"]
[BlackElo "2341"]

1.Nf3 d5 2.g3 c6 3.c4 Nf6 4.Bg2 g6 5.b3 Bg7 6.Bb2 O-O 7.O-O Bg4 8.d3 Qc8
9.Nbd2 Bh3 10.Rc1 Bxg2 11.Kxg2 Nbd7 12.b4 dxc4 13.Nxc4 Nd5 14.Bxg7 Kxg7 15.Qd2 N7b6
16.Na5 Qd7 17.e4 Nf6 18.Rfe1 Rad8 19.d4 h6 20.a3 Nh5 21.Rc2 a6 22.Qe3 f5
23.Ne5 Qc7 24.f4 Nf6 25.exf5 Nfd5 26.Qd3 gxf5 27.Qf3 Nf6 28.Nb3 Na4 29.Rce2 Nd5
30.Kh1 Rf6 31.Rg1 Kh8 32.g4 fxg4 33.Rxg4 Qc8 34.Ng6+ Rxg6 35.Rxg6 Rd6 36.Rxd6 exd6
37.Qh5 Qf8 38.Re8  1-0

[Event "20th Aschacher Donau"]
[Site "Aschach AUT"]
[Date "2011.12.27"]
[Round "3"]
[White "Moser,E"]
[Black "Wallner,J"]
[Result "1/2-1/2"]
[WhiteElo "2448"]
[BlackElo "2320"]

1.g3 d5 2.Nf3 Nf6 3.Bg2 b6 4.c4 e6 5.O-O Be7 6.Nc3 O-O 7.d4 Bb7 8.cxd5 Nxd5
9.Nxd5 Bxd5 10.Qc2 Nc6 11.e4 Nb4 12.Qb1 Bb7 13.a3 Na6 14.Be3 c5 15.Rd1 cxd4
16.Nxd4 Qe8 17.b4 Nc7 18.Qb3 Nb5 19.a4 Nxd4 20.Bxd4 Rd8 21.Rac1 Bd6 22.b5 e5
23.Be3 Qe7 24.h4 h6  1/2-1/2

[Event "48th Groningen Open A"]
[Site "Groningen NED"]
[Date "2011.12.27"]
[Round "6.14"]
[White "Van Assendelft,F"]
[Black "Tarasova,Viktoriy"]
[Result "1/2-1/2"]
[WhiteElo "2357"]
[BlackElo "2294"]

1.Nf3 d5 2.g3 Bg4 3.Bg2 Nd7 4.c4 e6 5.cxd5 exd5 6.O-O Ngf6 7.d4 c6 8.Nc3 Bd6
9.h3 Bh5 10.Nh4 Bg6 11.Nxg6 hxg6 12.Rb1 O-O 13.b4 a6 14.a4 Re8 15.Qd3 Qe7
16.b5 axb5 17.axb5 Bb4 18.bxc6 bxc6 19.Rb3 Nb6 20.Bg5 Ra3 21.Rxa3 Bxa3 22.Qa6 Qb4
23.Bxf6 gxf6 24.e3 Qxc3 25.Qxb6 Kg7 26.Qc7 Bb4 27.Rb1 Ra8 28.Bf1 Ra2 29.Qf4 Qd2
30.Qf3 Rb2 31.Rd1 Qc3 32.h4 Rd2 33.Rxd2 Qxd2 34.h5 gxh5 35.Qxh5 Qc2 36.Qg4+ Kf8
37.Bh3 Be1 38.Qf4 Kg7 39.Bf5 Qa2 40.Bd7 Qc2 41.Kf1 Bb4 42.Bf5 Qd1+ 43.Kg2 Be1
44.g4 Qe2 45.Bd7 Qc2 46.Kf1 Bb4 47.g5 Qd3+ 48.Kg2 Qg6 49.Bxc6 Qxg5+ 50.Kf3 Be1
51.Qg3 Kh7 52.Qh3+ Kg7 53.Ke2 Bb4 54.Qf3 Qg1 55.Qxd5 Qe1+ 56.Kf3 Qh1+ 57.Kg4 Qxd5
58.Bxd5 Be1 59.Kf3 Bd2 60.Kf4  1/2-1/2

[Event "48th Groningen Open A"]
[Site "Groningen NED"]
[Date "2011.12.27"]
[Round "6.16"]
[White "Thesing,M"]
[Black "Meurs,T"]
[Result "1-0"]
[WhiteElo "2409"]
[BlackElo "2247"]

1.Nf3 d5 2.g3 c6 3.Bg2 Bg4 4.O-O Nd7 5.d3 e6 6.e4 Bd6 7.Qe1 Bxf3 8.Bxf3 Ne7
9.Bg2 Qb6 10.Nd2 a5 11.Nf3 a4 12.Rb1 d4 13.Bd2 e5 14.Bh3 h6 15.c3 c5 16.b4 axb3
17.Rxb3 Qc6 18.Qb1 Ra7 19.cxd4 cxd4 20.Rc1 Nc5 21.Rb6 Qc7 22.Qb5+ Nc6 23.Rxc5 Bxc5
24.Qxc5 Qe7 25.Rxc6 bxc6 26.Qxc6+  1-0

[Event "1st St Leon-Rot Open"]
[Site "Sankt Leon-Rot GER"]
[Date "2011.12.27"]
[Round "2"]
[White "Hoehler,W"]
[Black "Martin,St"]
[Result "0-1"]
[WhiteElo "1927"]
[BlackElo "2198"]

1.Nf3 d5 2.g3 Nf6 3.Bg2 e6 4.O-O c5 5.d3 Nc6 6.Nbd2 Be7 7.b3 b6 8.Bb2 Bb7
9.c4 O-O 10.cxd5 Nxd5 11.Nc4 f6 12.d4 b5 13.Na3 a6 14.Rc1 cxd4 15.Nxd4 Nxd4
16.Qxd4 Qa5 17.Nb1 Qxa2 18.Nd2 Qa5 19.Rfd1 Rad8 20.Qg4 e5 21.Qe6+ Rf7 22.Nf1 Rd6
23.Qh3 Qd8 24.Be4 g6 25.Qg4 Bf8 26.h4 f5  0-1

[Event "48th Groningen Open A"]
[Site "Groningen NED"]
[Date "2011.12.28"]
[Round "7.11"]
[White "Firat,B"]
[Black "Heemskerk,W"]
[Result "1-0"]
[WhiteElo "2393"]
[BlackElo "2264"]

1.Nf3 d5 2.g3 Nf6 3.Bg2 e6 4.O-O Be7 5.d4 O-O 6.c4 c5 7.cxd5 exd5 8.b3 Nc6
9.Bb2 Bg4 10.Ne5 Bf5 11.Nxc6 bxc6 12.Nc3 Re8 13.Rc1 Rc8 14.Na4 cxd4 15.Qxd4 Bd6
16.Qxa7 Rxe2 17.Bxf6 gxf6 18.Qa6 Qe8 19.Nc3 Re6 20.Nxd5 Ra8 21.Qxc6 Qxc6
22.Rxc6 Rxa2 23.Ne3 Rxe3 24.fxe3 Rxg2+ 25.Kxg2 Be4+ 26.Kg1 Bxc6 27.Rxf6 Bd5
28.Rxd6 Bxb3 29.Kf2 Kg7 30.Kf3 Ba2 31.Kf4 Bb3 32.h4 h6 33.g4 Bc4 34.g5 hxg5+
35.Kxg5 Be2 36.h5 f6+ 37.Rxf6 Bxh5 38.e4  1-0

[Event "Hastings Masters 2011-12"]
[Site "Hastings ENG"]
[Date "2011.12.28"]
[Round "1.27"]
[White "Bremner,Adam"]
[Black "Eggleston,D"]
[Result "1/2-1/2"]
[WhiteElo "2195"]
[BlackElo "2367"]

1.g3 d5 2.Nf3 Bg4 3.Bg2 Nd7 4.c4 dxc4 5.Na3 e5 6.Nxc4 Bxf3 7.Bxf3 c6 8.d4 Bb4+
9.Bd2 Qe7 10.dxe5 Nxe5 11.Nxe5 Bxd2+ 12.Qxd2 Qxe5 13.O-O-O Nf6 14.Qb4 a5
15.Qa3 Qe7 16.Qxe7+ Kxe7 17.Rd3 Rhd8 18.Rhd1 Rxd3 19.Rxd3 a4 20.Rd4 b5 21.e4 Nd7
22.Bg2 f6 23.f4 g5 24.e5 fxe5 25.Bxc6 exd4 26.Bxa8 gxf4 27.gxf4 Nc5 28.a3 Kf6
29.Bc6 Kf5 30.Bxb5 Kxf4 31.Kd2 Kg4 32.b4 axb3 33.a4 Ne4+ 34.Kc1 Nc5 35.Kd2 Ne4+
36.Kc1 Nc3 37.Kb2 Nxb5 38.axb5 d3 39.Kc3 b2 40.Kxb2 Kf3 41.b6 d2 42.b7 d1=Q
43.b8=Q Qd2+ 44.Kb1 Qd3+ 45.Kc1 Kg2 46.Qf4 Qh3 47.Kd1 Qxh2 48.Qe4+ Kg3 49.Qe5+ Kh3
50.Qf5+ Kg2 51.Qe4+ Kf1 52.Qe1+ Kg2 53.Qe4+  1/2-1/2

[Event "28th Travemuender Open"]
[Site "Travemuende GER"]
[Date "2011.12.28"]
[Round "4"]
[White "Telljohann,S"]
[Black "Svetushkin,D"]
[Result "1/2-1/2"]
[WhiteElo "2424"]
[BlackElo "2621"]

1.Nf3 d5 2.g3 Nf6 3.Bg2 c6 4.b3 Bf5 5.O-O h6 6.c4 e6 7.d3 Nbd7 8.Bb2 Bh7
9.a3 Bd6 10.cxd5 cxd5 11.e4 dxe4 12.dxe4 Be7 13.b4 Bxe4 14.Nc3 Bh7 15.Nd4 Rb8
16.Nb3 O-O 17.Na5 Nc5 18.Qf3 Nce4 19.Rfd1 Qe8 20.Qe2 Nxc3 21.Bxc3 Rc8 22.Rac1 Nd5
23.Bxd5 exd5 24.Qe5 Bf6 25.Qxe8 Rfxe8 26.Bxf6 Rxc1 27.Rxc1 gxf6 28.Nxb7 Re2
29.Nc5 Bf5 30.Kg2 Rd2 31.h3 h5 32.Re1 Ra2 33.Rd1 Be4+ 34.Nxe4 dxe4 35.Re1 f5
36.g4 hxg4 37.hxg4 fxg4 38.Rxe4 Rxa3 39.Rxg4+ Kf8 40.Re4 Kg7 41.f3  1/2-1/2

[Event "48th Groningen Open A"]
[Site "Groningen NED"]
[Date "2011.12.29"]
[Round "8.18"]
[White "Heemskerk,W"]
[Black "Meurs,T"]
[Result "1/2-1/2"]
[WhiteElo "2264"]
[BlackElo "2247"]

1.Nf3 d5 2.g3 Bg4 3.Bg2 c6 4.c4 Nd7 5.cxd5 cxd5 6.Nc3 e6 7.Qa4 Bh5 8.Ne5 Bd6
9.Nxd7 Qxd7 10.Qxd7+ Kxd7 11.e4 d4 12.Nb5 Bc5 13.b4 Bb6 14.e5 Ne7 15.Bb2 Nc6
16.Bxc6+ Kxc6 17.Nxd4+ Bxd4 18.Bxd4 Kd5 19.Bc3 Bf3 20.O-O g5 21.h3 h5 22.Rfe1 g4
23.h4 Rac8 24.Re3 Kc4 25.Rb1 Rhd8 26.Kf1  1/2-1/2